MARC

LEADER 00000nam0a2200000 4500
001 100112
005 20231031112030.0
035 |a (RuTPU)RU\TPU\book\107692 
090 |a 100112 
100 |a 20060814d1969 km y0rusy50 ca 
101 1 |a rus  |c eng 
102 |a RU 
105 |a a z 001zy 
200 1 |a Тугоплавкие металлы в новой технике  |e сборник статей  |e пер. с англ.  |f под ред. К. И. Портного, Б. Г. Арабея 
210 |a Москва  |c Мир  |d 1969 
215 |a 400 с.  |c ил. 
320 |a Библиогр.: с. 14-15. 
320 |a Библиография в конце статей 
610 1 |a металлургия 
610 1 |a тугоплавкие металлы 
610 1 |a новые материалы 
610 1 |a применение 
610 1 |a ядерная энергетика 
610 1 |a космическая техника 
610 1 |a коррозия 
610 1 |a высокотемпературные свойства 
675 |a 669.018.4  |v 3 
702 1 |a Портной  |b К. И.  |g Ким Исаевич  |4 340 
702 1 |a Арабей  |b Б. Г.  |4 340 
801 1 |a RU  |b 63413507  |c 20060814  |g PSBO 
801 2 |a RU  |b 63413507  |c 20070712  |g PSBO 
942 |c BK